Library Logo

Pioneer International University Library Catalogue

GRAPHIC DESIGN/ (Record no. 9960)

MARC details
000 -LEADER
fixed length control field 00426nam a22001577a 4500
003 - CONTROL NUMBER IDENTIFIER
control field OSt
005 - DATE AND TIME OF LATEST TRANSACTION
control field 20260213062703.0
008 - FIXED-LENGTH DATA ELEMENTS--GENERAL INFORMATION
fixed length control field 260213b |||||||| |||| 00| 0 eng d
020 ## - INTERNATIONAL STANDARD BOOK NUMBER
International Standard Book Number 1844032205
040 ## - CATALOGING SOURCE
Transcribing agency CASSELL ILLUSTRATED
050 ## - LIBRARY OF CONGRESS CALL NUMBER
Classification number NC 997 .T37 2004
Item number .T37 2004
245 ## - TITLE STATEMENT
Title GRAPHIC DESIGN/
Statement of responsibility, etc. CURTIS TAPPENDEN
250 ## - EDITION STATEMENT
Edition statement 1st edition
260 ## - PUBLICATION, DISTRIBUTION, ETC.
Place of publication, distribution, etc. London:
Name of publisher, distributor, etc. Cassell Illustrated,
Date of publication, distribution, etc. 2004.
942 ## - ADDED ENTRY ELEMENTS (KOHA)
Source of classification or shelving scheme Library of Congress Classification
Koha item type Books
Edition 1st ed.
Suppress in OPAC No

No items available.